| 000 | 00663nam a2200205Ii 4500 | ||
|---|---|---|---|
| 003 | JO-AjNU | ||
| 008 | 230605s9999||||xx |||||||||||||| ||und|| | ||
| 040 |
_aJO-AjNU _bara _erda _cJO-AjNU |
||
| 041 | _aara | ||
| 050 | 1 | 4 | _aQ180.A1.A4264 1996 |
| 100 | 3 |
_aالعلاونة، علي سليم, _eauthor _942515 |
|
| 245 | 0 | 0 | _aاساليب البحث العلمي في العلوم الادارية |
| 250 | _aط1 | ||
| 264 | 3 | 1 | _aعمان:دار الفكر ، 1996 |
| 300 | _a420ص | ||
| 336 |
_atext _btxt _2rdacontent |
||
| 337 |
_aunmediated _bn _2rdamedia |
||
| 338 |
_avolume _bnc _2rdacarrier |
||
| 650 | 4 |
_aالادارة - مناهج البحث _942516 |
|
| 999 |
_aA18210 _c21778 _d21778 |
||